000 00291nam a22001337a 4500
008 170815b xxu||||| |||| 00| 0 eng d
020 _a9780072982534
041 _aeng
080 _22ND
_a51
100 _a36
101 _aMAT
245 _aMATH IN OUR WORLD
_cSOBECKI,D
942 _2udc
_cBK
999 _c23474
_d23474